|
|
|
|
| LEADER |
02333nam a2200601 i 4500 |
| 001 |
nkc20233567775 |
| 003 |
CZ PrNK |
| 005 |
20240510123136.0 |
| 007 |
ta |
| 008 |
231116t20232023xr a e 001 0 cze |
| 015 |
|
|
|a cnb003567775
|
| 020 |
|
|
|a 978-80-86397-49-8
|q (vázáno)
|
| 035 |
|
|
|a (OCoLC)1420607923
|
| 040 |
|
|
|a BOA001
|b cze
|e rda
|
| 041 |
1 |
|
|a cze
|a eng
|h cze
|
| 043 |
|
|
|a e-xr---
|
| 045 |
|
|
|a x-y-
|
| 072 |
|
7 |
|a 73
|x Sochařství, keramika, porcelán, umělecké zpracování kovů
|2 Konspekt
|9 21
|
| 080 |
|
|
|a 739.1/.2
|2 MRF
|
| 080 |
|
|
|a 671.21
|2 MRF
|
| 080 |
|
|
|a (437.3)
|2 MRF
|
| 080 |
|
|
|a (048.8)
|2 MRF
|
| 080 |
|
|
|a (084.12)
|2 MRF
|
| 100 |
1 |
|
|a Nováková, Kateřina Nora,
|d 1974-
|7 mzk2011630239
|4 aut
|
| 245 |
1 |
0 |
|a Šperk není jen ozdoba =
|b Jewellery is not just an ornament /
|c Kateřina Nora Nováková ; překlady Meriva Translations, s.r.o.
|
| 246 |
3 |
1 |
|a Jewellery is not just an ornament
|
| 264 |
|
1 |
|a [Jablonec nad Nisou] :
|b Muzeum skla a bižuterie v Jablonci nad Nisou,
|c [2023]
|
| 264 |
|
4 |
|c ©2023
|
| 300 |
|
|
|a 244 stran :
|b barevné ilustrace ;
|c 22 x 24 cm
|
| 336 |
|
|
|a text
|b txt
|2 rdacontent
|
| 336 |
|
|
|a statický obraz
|b sti
|2 rdacontent
|
| 337 |
|
|
|a bez média
|b n
|2 rdamedia
|
| 338 |
|
|
|a svazek
|b nc
|2 rdacarrier
|
| 500 |
|
|
|a Chronologický přehled
|
| 504 |
|
|
|a Obsahuje bibliografii, bibliografické odkazy a rejstřík
|
| 546 |
|
|
|a Souběžný anglický text
|
| 648 |
|
7 |
|a 20.-21. století
|7 ch462155
|2 czenas
|
| 650 |
0 |
7 |
|a šperky
|7 ph127871
|z Česko
|y 20.-21. století
|2 czenas
|
| 650 |
0 |
7 |
|a bižuterie
|7 ph118934
|z Česko
|y 20.-21. století
|2 czenas
|
| 650 |
0 |
7 |
|a šperkařství
|7 ph1204985
|z Česko
|y 20.-21. století
|2 czenas
|
| 650 |
0 |
9 |
|a jewellery
|z Czechia
|y 20th-21st centuries
|2 eczenas
|
| 650 |
0 |
9 |
|a costume jewelry
|z Czechia
|y 20th-21st centuries
|2 eczenas
|
| 650 |
0 |
9 |
|a jewerly
|z Czechia
|y 20th-21st centuries
|2 eczenas
|
| 655 |
|
7 |
|a monografie
|7 fd132842
|2 czenas
|
| 655 |
|
7 |
|a fotografické publikace
|7 fd132276
|2 czenas
|
| 655 |
|
9 |
|a monographs
|2 eczenas
|
| 655 |
|
9 |
|a photographical works
|2 eczenas
|
| 710 |
2 |
|
|a Meriva Translations (firma)
|7 mzk20221164913
|4 trl
|
| 910 |
2 |
|
|a BOA001
|b 2-1517.138
|
| 990 |
|
|
|a BK
|
| 995 |
|
|
|a 01
|
| 991 |
|
|
|b 202311
|c NOV
|
| 996 |
6 |
|
|b 2610953752
|c 2-1517.138
|l MZK
|r Sklad / do 1 hodiny
|n 0
|p p.v.
|w 001945018
|u 000010
|a 1
|e BOA001
|j MZK50
|s P
|